000 00608nam a2200217Ia 4500
003 OSt
005 20220926042852.0
006 a|||||r|||| 00| 0
007 ta
008 220923b |||||||| |||| 00| 0 eng d
037 _cGeneral Book
040 _aRTL
_cRTL
_beng
041 _2eng
_aeng
082 _aX9(J):(V73).N6, K4
100 _aPaarlberg Don
_9346609
245 0 _aAmerican farm policy
_b A case study of cent alized
260 _c1964
650 _aAgricultural Labour
_9241342
942 _hX9(J):(V73).N6, K4
_cGB
_2CC
999 _c670760
_d670760